000 00546ntaaa2200193 4500
003 01
005 20251027202843.0
008 0714s1973 ag 01
040 _aAR-BaBN
_bspa
_cAR-BaBN
_eaacr
_dRIC
082 _a269.0000 B972
100 _aBurroughs, P.E.
_99631
245 _aGanando almas para Cristo
250 _a1 ed.
260 _aEl Paso :
_bCasa Bautista de Publicaciones,
_cs.f.
300 _a144 p
500 _aEjs. 2-7 (4148-4153) libros retirados definitivamente de biblioteca
650 _aobras evangelicas
_93804
942 _cBK
999 _c23930
_d23930